| 000 | 00479nam a2200181 a 4500 | ||
|---|---|---|---|
| 001 | 1773127631464 | ||
| 003 | YourLibrary | ||
| 005 | 20260310125916.0 | ||
| 008 | 260310s2006##################000#0#eng## | ||
| 020 | _a9780816069323 | ||
| 082 | 0 | 4 |
_a362.2903 _bGWI |
| 100 | 1 |
_aGwinnell, Esther, _eauthor. |
|
| 245 | 1 | 0 | _aThe A to Z of Addictions and Addictive Behaviors : |
| 260 | _c2006. | ||
| 650 | 0 | _aAlcoholism. | |
| 942 | _cENGLISH | ||
| 040 |
_aYourLibrary _beng _cYourLibrary |
||
| 999 |
_c617399 _d617399 |
||